[Event "Oberliga NRW 1819"]
[Site "Germany"]
[Date "2018.09.16"]
[Round "1.3"]
[White "Savchenko, Aleksij"]
[Black "Welzel, Philipp"]
[Result "0-1"]
[WhiteElo "2307"]
[BlackElo "2229"]
[PlyCount "72"]
[EventDate "2018.09.16"]
[EventType "team-tourn"]
[EventRounds "9"]
[EventCountry "GER"]
[SourceTitle "EXT 2020"]
[Source "ChessBase"]
[SourceDate "2019.10.17"]
[SourceVersion "1"]
[SourceVersionDate "2019.10.17"]
[SourceQuality "1"]
[WhiteTeam "Wuppertal Bahn"]
[BlackTeam "Dinslaken"]
[WhiteTeamCountry "GER"]
[BlackTeamCountry "GER"]

1. Nf3 d5 2. d4 Nf6 3. Bf4 c5 4. e3 Nc6 5. Nc3 cxd4 6. Nxd4 a6 7. Be2 e6 8. 0-0 Bd6 9. Nxc6 bxc6 10. Bxd6 Qxd6 11. Na4 0-0 12. c4 a5 13. Rc1 Ba6 14. b3 Qb4 15. cxd5 Bxe2 16. Qxe2 cxd5 17. Rc6 Rac8 18. Rfc1 Rxc6 19. Rxc6 h6 20. h3 Rb8 21. Nc5 Qc3 22. Na6 Qxc6 23. Nxb8 Qc1+ 24. Qf1 Qc2 25. Qb5 Qxa2 26. Nc6 Ne4 27. Qb8+ Kh7 28. Qf4 Qd2 29. f3 Nc3 30. Nd4 Nd1 31. Nf5 Qc1 32. Kh2 exf5 33. Qxf5+ Kg8 34. Qxd5 Nxe3 35. Qa8+ Kh7 36. Qe4+ f5 0-1

[Event "Oberliga NRW 1617"]
[Site "Germany"]
[Date "2017.01.22"]
[Round "5.2"]
[White "Morawietz, Dieter"]
[Black "Savchenko, Aleksij"]
[Result "1/2-1/2"]
[WhiteElo "2430"]
[BlackElo "2270"]
[PlyCount "86"]
[EventDate "2016.09.25"]
[EventType "team-tourn"]
[EventRounds "9"]
[EventCountry "GER"]
[SourceTitle "EXT 2020"]
[Source "ChessBase"]
[SourceDate "2019.10.17"]
[SourceVersion "1"]
[SourceVersionDate "2019.10.17"]
[SourceQuality "1"]
[WhiteTeam "Koeln SF"]
[BlackTeam "Wuppertal Bahn"]
[WhiteTeamCountry "GER"]
[BlackTeamCountry "GER"]

1. e4 c5 2. Nf3 d6 3. d4 cxd4 4. Nxd4 Nf6 5. Nc3 g6 6. Be3 Bg7 7. f3 Nc6 8. Qd2 0-0 9. Bc4 Bd7 10. Bb3 Qa5 11. 0-0-0 Rfc8 12. Kb1 Ne5 13. h4 Nc4 14. Bxc4 Rxc4 15. Nb3 Qc7 16. Bd4 Be6 17. h5 a5 18. a4 b5 19. Nxb5 Qb7 20. Nc3 Rb4 21. hxg6 hxg6 22. Qf2 Rc8 23. g4 Rxd4 24. Rxd4 Bxb3 25. cxb3 Qxb3 26. Rc1 Nd7 27. Nd5 Rxc1+ 28. Kxc1 e6 29. Ne7+ Kf8 30. Nc8 d5 31. exd5 exd5 32. Rd1 Bh6+ 33. f4 Qxa4 34. g5 Bg7 35. Qc2 Qxf4+ 36. Kb1 Qxg5 37. Qc7 Qf5+ 38. Ka2 Bf6 39. Qd6+ Kg7 40. Qxd5 Qc2 41. Rd2 Qxc8 42. Qxd7 Qc4+ 43. Kb1 Qf1+ 1/2-1/2

[Event "NRW Class2 1415"]
[Site "Germany"]
[Date "2014.11.16"]
[Round "3.3"]
[White "Savchenko, Aleksij"]
[Black "Plassmann, Dominik"]
[Result "0-1"]
[WhiteElo "2191"]
[BlackElo "2003"]
[PlyCount "58"]
[EventDate "2014.09.14"]
[EventType "team-tourn"]
[EventRounds "9"]
[EventCountry "GER"]
[SourceTitle "EXT 2017"]
[Source "ChessBase"]
[SourceDate "2016.10.25"]
[SourceVersion "1"]
[SourceVersionDate "2016.10.25"]
[SourceQuality "1"]
[WhiteTeam "Wuppertal Bahn"]
[BlackTeam "Guetersloh"]
[WhiteTeamCountry "GER"]
[BlackTeamCountry "GER"]

1. d4 e6 2. Nf3 f5 3. g3 Nf6 4. Bg2 d5 5. 0-0 Bd6 6. c4 c6 7. b3 Qe7 8. a4 a5 9. Ba3 Bxa3 10. Nxa3 0-0 11. Qc2 Na6 12. Qb2 Nb4 13. Ne5 Nd7 14. Nxd7 Bxd7 15. e3 Be8 16. Rad1 Bh5 17. Rd2 Rf6 18. Nb1 Rh6 19. f3 Re8 20. e4 f4 21. Qc3 Qg5 22. Kf2 Bg6 23. Rh1 Rxh2 24. Rxh2 fxg3+ 25. Kg1 gxh2+ 26. Kxh2 Qh4+ 27. Bh3 dxe4 28. fxe4 Bxe4 29. Na3 Rf8 0-1

[Event "Oberliga NRW 1112"]
[Site "Germany"]
[Date "2012.03.25"]
[Round "8.4"]
[White "Lemanczyk, Thomas"]
[Black "Savchenko, Aleksij"]
[Result "1/2-1/2"]
[WhiteElo "2163"]
[BlackElo "2216"]
[PlyCount "27"]
[EventDate "2011.09.18"]
[EventType "team-tourn"]
[EventRounds "9"]
[EventCountry "GER"]
[SourceTitle "EXT 2015"]
[Source "ChessBase"]
[SourceDate "2014.11.20"]
[SourceVersion "1"]
[SourceVersionDate "2014.11.20"]
[SourceQuality "1"]
[WhiteTeam "Gerresheim"]
[BlackTeam "Koeln Porz II"]
[WhiteTeamCountry "GER"]
[BlackTeamCountry "GER"]

1. Nf3 d5 2. d4 e6 3. c4 c5 4. e3 Nc6 5. Nc3 Nf6 6. a3 cxd4 7. exd4 dxc4 8. Bxc4 Be7 9. Bg5 0-0 10. 0-0 Nd5 11. Bxd5 Bxg5 12. Nxg5 Qxg5 13. Bxc6 bxc6 14. Qf3 1/2-1/2

[Event "Komi-ch"]
[Site "Syktyvkar"]
[Date "2012.02.19"]
[Round "9"]
[White "Savchenko, Aleksij"]
[Black "Kuratov, Vasily"]
[Result "0-1"]
[WhiteElo "1585"]
[BlackElo "2235"]
[PlyCount "42"]
[EventDate "2012.02.11"]
[EventType "swiss"]
[EventRounds "9"]
[EventCountry "RUS"]
[SourceTitle "EXT 2014"]
[Source "ChessBase"]
[SourceDate "2013.11.20"]
[SourceVersion "1"]
[SourceVersionDate "2013.11.20"]
[SourceQuality "1"]

1. e4 c5 2. c3 Nf6 3. e5 Nd5 4. d4 cxd4 5. cxd4 e6 6. Nf3 b6 7. Nc3 Nxc3 8. bxc3 Bb7 9. Be2 Be7 10. 0-0 0-0 11. Qb3 d5 12. exd6 Bxd6 13. Ba3 Nc6 14. Bxd6 Qxd6 15. Rfd1 Rac8 16. Rac1 Rc7 17. c4 Rfc8 18. c5 bxc5 19. dxc5 Qe7 20. Nd4 Nxd4 21. Rxd4 Qg5 0-1

[Event "Komi-ch"]
[Site "Syktyvkar"]
[Date "2012.02.18"]
[Round "8"]
[White "Bratus, Petr P"]
[Black "Savchenko, Aleksij"]
[Result "0-1"]
[WhiteElo "2129"]
[BlackElo "1585"]
[PlyCount "79"]
[EventDate "2012.02.11"]
[EventType "swiss"]
[EventRounds "9"]
[EventCountry "RUS"]
[SourceTitle "EXT 2014"]
[Source "ChessBase"]
[SourceDate "2013.11.20"]
[SourceVersion "1"]
[SourceVersionDate "2013.11.20"]
[SourceQuality "1"]

1. Nf3 d5 2. d4 Nf6 3. c4 e6 4. Nc3 c6 5. cxd5 exd5 6. Bg5 Bf5 7. a3 Bd6 8. e3 Nbd7 9. Bd3 Bxd3 10. Qxd3 0-0 11. 0-0 h6 12. Bh4 Re8 13. Rac1 Qb6 14. Nd2 Re6 15. b4 a6 16. Bg3 Bf8 17. Nb3 Nh5 18. Nc5 Nxc5 19. bxc5 Qa5 20. Ne2 Nxg3 21. Nxg3 Rb8 22. Rb1 b6 23. Rxb6 Rxb6 24. cxb6 Qxb6 25. Ne2 Qa5 26. g3 Re8 27. Rb1 Ra8 28. Rb3 Rc8 29. Rb7 Bxa3 30. Ra7 Qb5 31. Qxa3 Qxe2 32. Rxa6 Qb5 33. Kg2 Rb8 34. Ra5 Qb1 35. Qe7 Qf5 36. Ra2 Rb1 37. Rd2 Kh7 38. h3 Rc1 39. e4 dxe4 40. Re2 0-1

[Event "GER-chT U20"]
[Site "Osnabrueck"]
[Date "2011.12.27"]
[Round "2.1"]
[White "Huschenbeth, Niclas"]
[Black "Savchenko, Aleksij"]
[Result "1/2-1/2"]
[WhiteElo "2530"]
[BlackElo "2211"]
[PlyCount "71"]
[EventDate "2011.12.27"]
[EventType "team-swiss"]
[EventRounds "7"]
[EventCountry "GER"]
[SourceTitle "CBM 146 Extra"]
[Source "ChessBase"]
[SourceDate "2012.02.29"]
[SourceVersion "1"]
[SourceVersionDate "2012.02.29"]
[SourceQuality "1"]
[WhiteTeam "Hamburger SK"]
[BlackTeam "Koeln Porz"]
[WhiteTeamCountry "GER"]
[BlackTeamCountry "GER"]

1. e4 e5 2. Nf3 Nf6 3. Nxe5 d6 4. Nf3 Nxe4 5. Nc3 Nxc3 6. dxc3 Be7 7. Be3 Nc6 8. Qd2 Be6 9. 0-0-0 Qd7 10. Kb1 0-0-0 11. Ng5 Bxg5 12. Bxg5 f6 13. Be3 a6 14. b3 Rde8 15. h3 Bf5 16. Bc4 Re7 17. Rhe1 Rhe8 18. Bf1 Be4 19. f3 Bg6 20. Bf2 Rxe1 21. Bxe1 Re7 22. Bf2 Qe8 23. Kb2 Bf5 24. Be1 g5 25. Bf2 h5 26. Re1 Rxe1 27. Bxe1 Qe5 28. Bf2 Ne7 29. Bd4 Qe6 30. c4 c5 31. Bc3 h4 32. f4 g4 33. hxg4 Bxg4 34. Bd3 Nf5 35. Bxf5 Bxf5 36. Qe1 1/2-1/2

[Event "GER-chT U20"]
[Site "Osnabrueck"]
[Date "2011.12.27"]
[Round "1.1"]
[White "Savchenko, Aleksij"]
[Black "Di Capua, Francesco Stefano"]
[Result "1-0"]
[WhiteElo "2211"]
[BlackElo "1715"]
[PlyCount "41"]
[EventDate "2011.12.27"]
[EventType "team-swiss"]
[EventRounds "7"]
[EventCountry "GER"]
[SourceTitle "CBM 146 Extra"]
[Source "ChessBase"]
[SourceDate "2012.02.29"]
[SourceVersion "1"]
[SourceVersionDate "2012.02.29"]
[SourceQuality "1"]
[WhiteTeam "Koeln Porz"]
[BlackTeam "Gernsheim"]
[WhiteTeamCountry "GER"]
[BlackTeamCountry "GER"]

1. e4 e5 2. Nf3 Nc6 3. Bb5 a6 4. Ba4 Nf6 5. 0-0 d6 6. d4 exd4 7. Nxd4 Bd7 8. Bxc6 bxc6 9. Nc3 Be7 10. Re1 0-0 11. Bf4 Ne8 12. Qd3 Bf6 13. h3 g6 14. e5 Bg7 15. Rad1 d5 16. Na4 Bh8 17. Nc5 Ng7 18. Qc3 Be8 19. b4 Qe7 20. Bh6 Qh4 21. Qe3 1-0

[Event "GER-chT Lands U21"]
[Site "Xanten"]
[Date "2011.11.02"]
[Round "5.1"]
[White "Savchenko, Aleksij"]
[Black "Dann, Matthias"]
[Result "0-1"]
[WhiteElo "2239"]
[BlackElo "2354"]
[PlyCount "148"]
[EventDate "2011.10.31"]
[EventType "team-swiss"]
[EventRounds "7"]
[EventCountry "GER"]
[SourceTitle "EXT 2022"]
[Source "ChessBase"]
[SourceDate "2021.10.06"]
[SourceVersion "1"]
[SourceVersionDate "2021.10.06"]
[SourceQuality "1"]
[WhiteTeam "Nordrhein Westfalen U21"]
[BlackTeam "Rheinland Pfalz U21"]
[WhiteTeamCountry "GER"]
[BlackTeamCountry "GER"]

1. e4 e6 2. d4 d5 3. Nd2 Nc6 4. Ngf3 Nf6 5. e5 Nd7 6. c3 f6 7. exf6 Qxf6 8. Be2 Bd6 9. Nf1 0-0 10. Bg5 Qg6 11. Bd3 Qh5 12. h4 e5 13. Nxe5 Qxd1+ 14. Rxd1 Ndxe5 15. dxe5 Nxe5 16. Be2 c6 17. Be3 b5 18. Bd4 a5 19. Nd2 Bf5 20. Nf3 Ng6 21. Be3 Nf4 22. Bf1 Bg4 23. Rd4 Nxg2+ 24. Bxg2 Bxf3 25. Bxf3 Rxf3 26. Rg1 a4 27. Rdg4 Rf7 28. Bd4 Re8+ 29. Kd1 Ree7 30. h5 Bf4 31. b3 axb3 32. axb3 Bh6 33. R1g3 Re6 34. f4 Kf8 35. Be5 c5 36. Kc2 c4 37. bxc4 bxc4 38. Rg1 Rf5 39. Rh4 Kf7 40. Rd1 Bg5 41. Rg4 Rexe5 42. fxe5 Rxe5 43. Rg3 h6 44. Kb2 Bf6 45. Rh1 Ke6 46. Ka3 Kd6 47. Rgh3 Kc6 48. R1h2 Re8 49. Rd2 Rb8 50. Ka2 Rb3 51. Rb2 Rxc3 52. Rxc3 Bxc3 53. Rg2 Bf6 54. Kb1 d4 55. Kc2 Kd5 56. Kd2 Bg5+ 57. Kc2 Ke4 58. Rg4+ Ke3 59. Rg3+ Ke2 60. Rg2+ Kf3 61. Rg1 Kf2 62. Rg4 Ke3 63. Rg3+ Ke4 64. Rg4+ Bf4 65. Rxg7 d3+ 66. Kd1 c3 67. Rg2 Kf5 68. Ra2 Kg4 69. Rd2 c2+ 70. Rxc2 dxc2+ 71. Kxc2 Kxh5 72. Kd3 Kg4 73. Ke2 Kg3 74. Kf1 Be3 0-1

[Event "Oberliga NRW 1112"]
[Site "Germany"]
[Date "2011.10.09"]
[Round "2.4"]
[White "Savchenko, Aleksij"]
[Black "Hainke, Guntram"]
[Result "1/2-1/2"]
[WhiteElo "2216"]
[BlackElo "2252"]
[PlyCount "31"]
[EventDate "2011.09.18"]
[EventType "team-tourn"]
[EventRounds "9"]
[EventCountry "GER"]
[SourceTitle "EXT 2015"]
[Source "ChessBase"]
[SourceDate "2014.11.20"]
[SourceVersion "1"]
[SourceVersionDate "2014.11.20"]
[SourceQuality "1"]
[WhiteTeam "Koeln Porz II"]
[BlackTeam "Muenster SK"]
[WhiteTeamCountry "GER"]
[BlackTeamCountry "GER"]

1. d4 e6 2. Nf3 Nf6 3. Bg5 Be7 4. e3 b6 5. c4 h6 6. Bh4 Ne4 7. Bxe7 Qxe7 8. Qc2 Bb7 9. Bd3 f5 10. Nc3 Nxc3 11. Qxc3 0-0 12. 0-0-0 d6 13. Rhe1 Bxf3 14. gxf3 Nd7 15. f4 Rad8 16. Rg1 1/2-1/2